| 000 | 00776nac a22002537a 4500 | ||
|---|---|---|---|
| 001 | BR8305403 | ||
| 003 | BR-BrBNA | ||
| 005 | 20240105115853.0 | ||
| 008 | 230509b bl.|||m| |||| 00| 0 por d | ||
| 040 |
_aBR-BrBNA _bpor _cBiblioteca Nacional de Agricultura |
||
| 072 | _aL00 | ||
| 090 | _a7100 BR8305403 | ||
| 100 | 1 | _aMartinho, M.R. | |
| 110 | 1 |
_aUniversidade Federal de Vicosa, MG (Brasil). Conselho de Extensao _910969 |
|
| 245 | 1 | _aApicultura 1 | |
| 260 | 3 |
_aVicosa, MG (Brasil): _c1983. |
|
| 300 | _a15 p. | ||
| 490 |
_aInforme Tecnico - Universidade Federal de Vicosa. Conselho de Extensao (Brazil) _vv. 4(35) _x |
||
| 500 | _a16 illus. | ||
| 650 | _aABELHA | ||
| 650 | _aCRIACAO | ||
| 909 |
_a202312 _bLúcia Elande _c55 _dLúcia Elande |
||
| 942 |
_2AGRIS _n0 _cMS |
||
| 999 |
_c276821 _d276821 |
||